000
00333nam a22001217a 4500
999
_c
13501
_d
13501
082
_a
891.49
_b
ح ا ل
100
_a
الطاف حسین حالی
245
_a
دیوان حالی
260
_a
لاہور
_b
خزینہ علم و ادب
_c
٢٠٠١
300
_a
٥٧٦
650
_a
Urdu, Poetry, Altaf Hussain Hali
942
_c
BK